The microverse A grand tour of invisible world that is part of every human being, every atom, and every star. A dramatic collaboration between the world's leading scientists and science fiction authors
Kaydedildi:
| Materyal Türü: | Kitap |
|---|---|
| Dil: | Undetermined |
| Baskı/Yayın Bilgisi: |
New York
Bantam Books
1989
|
| Konular: | |
| Etiketler: |
Etiketle
Etiket eklenmemiş, İlk siz ekleyin!
|
| Thư viện lưu trữ: | Trung tâm Học liệu Trường Đại học Cần Thơ |
|---|
| LEADER | 00608nam a2200169Ia 4500 | ||
|---|---|---|---|
| 001 | CTU_22374 | ||
| 008 | 210402s9999 xx 000 0 und d | ||
| 082 | |a 502.82 | ||
| 082 | |b M626 | ||
| 245 | 4 | |a The microverse | |
| 245 | 2 | |b A grand tour of invisible world that is part of every human being, every atom, and every star. A dramatic collaboration between the world's leading scientists and science fiction authors | |
| 260 | |a New York | ||
| 260 | |b Bantam Books | ||
| 260 | |c 1989 | ||
| 650 | |a microscope and microscopy | ||
| 904 | |i Minh, 980422 | ||
| 980 | |a Trung tâm Học liệu Trường Đại học Cần Thơ | ||